00357 a2200109 4500001001000000005001700010008004100027245006200068100002700130773007300157999001700230ART_4629520260410161925.0260409a 10aOn the evolution of altruistic ethical rules for siblings1 aBergstrom, Theodore C.0 tThe American Economic Reviewg- Vol. 85, NÂș 1 (mar. 1995)wREV16190 c28091d28091